Florida guide to citrus insects, diseases and nutritional disorders in color

Shranjeno v:
Bibliografske podrobnosti
Glavni avtor: Robert M Pratt
Format: Knjiga
Jezik:Undetermined
Izdano: Florida Agricultural Experiment Station 1958
Teme:
Oznake: Označite
Brez oznak, prvi označite!
Thư viện lưu trữ: Trung tâm Học liệu Trường Đại học Cần Thơ
LEADER 00569nam a2200181Ia 4500
001 CTU_13237
008 210402s9999 xx 000 0 und d
082 |a 634.354 
082 |b P913 
100 |a Robert M Pratt 
245 0 |a Florida guide to citrus insects, diseases and nutritional disorders in color 
245 0 |c Robert M Pratt 
260 |a Florida 
260 |b Agricultural Experiment Station 
260 |c 1958 
650 |a citrus fruits - diseases and pests,fruit trees 
904 |i Minh, 961125 
980 |a Trung tâm Học liệu Trường Đại học Cần Thơ